000
00240nam a22001097a 4500
999
_c
12008
_d
12008
082
_a
624.1834MIL
100
_a
Mills
245
_a
The Field Line Theory: a programmed
260
_a
London:
_b
Cement,
_c
1970.
300
_a
96p. ;
942
_c
BK